<?xml version="1.0" encoding="UTF-8"?>
<record
    xmlns:xsi="http://www.w3.org/2001/XMLSchema-instance"
    xsi:schemaLocation="http://www.loc.gov/MARC21/slim http://www.loc.gov/standards/marcxml/schema/MARC21slim.xsd"
    xmlns="http://www.loc.gov/MARC21/slim">

  <leader>01574nam a22001817a 4500</leader>
  <controlfield tag="008">120926t        xxu||||| |||| 00| 0 eng d</controlfield>
  <datafield tag="020" ind1=" " ind2=" ">
    <subfield code="a">0471140244</subfield>
  </datafield>
  <datafield tag="050" ind1=" " ind2=" ">
    <subfield code="a">HD9696.D363W431</subfield>
  </datafield>
  <datafield tag="100" ind1=" " ind2=" ">
    <subfield code="a">Weitzen, Skip H.</subfield>
  </datafield>
  <datafield tag="245" ind1=" " ind2=" ">
    <subfield code="a">Infopreneurs: online and global, taking the hottest business of the '90s into the 21st century. /</subfield>
    <subfield code="c">H. Skip Weitzen and Rick Parkhill</subfield>
  </datafield>
  <datafield tag="260" ind1=" " ind2=" ">
    <subfield code="a">New York:</subfield>
    <subfield code="b">John Wiley and Sons,</subfield>
    <subfield code="c">c1996.</subfield>
  </datafield>
  <datafield tag="300" ind1=" " ind2=" ">
    <subfield code="a">xi,225 p.:</subfield>
    <subfield code="c">24cm.</subfield>
  </datafield>
  <datafield tag="500" ind1=" " ind2=" ">
    <subfield code="a">Includes index</subfield>
  </datafield>
  <datafield tag="505" ind1=" " ind2=" ">
    <subfield code="a">Contents: Welcome to the world of infopreneurship: Guidelines for infopreneurs -- Ensuring your success -- How to do more with less: Leverage online database information -- Customize your information -- Facilitate access to information -- Accelerate the flow of information -- Repackage your information -- Provide around-the-clock delivery of information -- Integrate the information triangle -- From the mouths of successful infopreneurs: Off the payroll and into business -- Uncovering information opportunities -- When you fail to plan -- Evaluate the market and your data -- Data distribution options -- Cultivating your first customer -- Selling your information -- Creating customer loyalty: the 80/20 rule -- Global information markets: Tools for today's infopreneurs -- Protect your information and your freedom -- Steps to launching your online business -- New online and global career -- A Real-time infopreneurial start-up: Case study: the virtual trade show-online and global in ninety days.</subfield>
  </datafield>
  <datafield tag="650" ind1=" " ind2=" ">
    <subfield code="b">Infopreneurs.</subfield>
  </datafield>
  <datafield tag="700" ind1=" " ind2=" ">
    <subfield code="a">Parkhill, Rick</subfield>
  </datafield>
  <datafield tag="942" ind1=" " ind2=" ">
    <subfield code="2">lcc</subfield>
    <subfield code="c">BK</subfield>
  </datafield>
  <datafield tag="999" ind1=" " ind2=" ">
    <subfield code="c">2381</subfield>
    <subfield code="d">9881</subfield>
  </datafield>
  <datafield tag="952" ind1=" " ind2=" ">
    <subfield code="0">0</subfield>
    <subfield code="1">0</subfield>
    <subfield code="2">lcc</subfield>
    <subfield code="4">0</subfield>
    <subfield code="7">0</subfield>
    <subfield code="a">WIUC-1</subfield>
    <subfield code="b">WIUC-1</subfield>
    <subfield code="c">REF</subfield>
    <subfield code="d">2012-09-26</subfield>
    <subfield code="l">0</subfield>
    <subfield code="o">HD9696.D363W431</subfield>
    <subfield code="p">6108/12</subfield>
    <subfield code="r">2012-09-26 00:00:00</subfield>
    <subfield code="w">2012-09-26</subfield>
    <subfield code="y">BK</subfield>
  </datafield>
</record>
